00681nam a22001817a 4500003000500000038001800005082000800023100001900031245012400050264003400174300002500208650004400233700004800277856005700325942001200382999001900394952008600413NUST aNusrat Nadeem a200 aKhan Amanullah aChallenges of Peacebuilding in Afghanistan: Competing Interests of International and Regional Players/cAmanullah Khan aIslamabad;bCIPS NUST;c2020. a246,p;bill;c30,cm. aPhD-Peace and Conflict Studies 9123173 aSupervisor: Dr. Ahmed Waqas Waheed 9123174 uhttp://10.250.8.41:8080/xmlui/handle/123456789/29742 2ddccSC c610174d610174 00104070aCLbCLcTHEd2024-07-09l0o200pCLPT-275r2024-07-09w2024-07-09ySC